00358nam a2200133Ia 4500003000400000008004100004040001600045082001600061100001900077245003600096260006300132300001000195650001900205GCL140319s9999 xx 000 0 eng d aGCL / cGCL04a892.76bN G1 aNAGUIB MAHFOUZ10aTHE HARAFISH / cNAGUIB MAHFOUZ a[S.N] : bTHE AMERICAN UNIVERSITY IN CAIRO PRESS ، c1992 a407 P04aNAGUIB MAHFOUZ